HBO Girls Trivia - Statistics

General Stats
  • This quiz has been taken 33 times
  • The average score is 6 of 14
Answer Stats
Question Answer % Correct
What country did Shoshanna briefly move to? Japan
100%
What state was Hannah from? Michigan
83%
What TV show poster did Shoshanna have hanging in her apartment? Sex and the City
58%
What did Shoshanna wear to Jessa's surprise wedding? White
58%
What drug did Hannah take in the first episode of the series? Opium
54%
What was the name of the teacher Hannah dated? Fran
50%
What did Hannah eat on the beach at Coney Island after falling asleep on the train? Cake
42%
What is Marnie's middle name? Marie
42%
Hannah had to immediately go home and do what on her first day of work at Grumpy's? Change
38%
What does Hannah name her son? Grover
29%
Where does Desi run off to before marrying Marnie? Pond
25%
What addition to his neighborhood caused Ray to run for Community Board Chairperson? Stoplight
21%
What college did the three girls all attend? Oberlin College
17%
What song does Ray request the DJ to play at Hannah's birthday party? Today
8%
No matching quizzes found
Score Distribution
Percent of People with Each Score
Percentile by Number Answered
Your Score History
You have not taken this quiz